Allpanchis Phuturinqa : (Record no. 21818)

000 -CABECERA
fixed length control field 01943nam a22003017a 4500
003 - IDENTIFICADOR DEL NÚMERO DE CONTROL
control field AR-CdUCM
008 - DATOS DE LONGITUD FIJA--INFORMACIÓN GENERAL
fixed length control field 190425b ||||| |||| 00| 0 spa d
040 ## - FUENTE DE LA CATALOGACIÓN
Agencia/entidad que catalogó originalmente la obra MUNICIPALIDAD PROVINCIAL DEL CUSCO
Entidad que transcribió la catalogación BIBLIOTECA MUNICIPAL DEL CUSCO
082 ## - NÚMERO DE LA CLASIFICACIÓN DECIMAL DEWEY
No. de Clasificación Rev.Allp/N°21/1983
110 ## - ENTRADA PRINCIPAL--NOMBRE DE ENTIDAD CORPORATIVA
Nombre de la institución, jurisdicción como entrada principal Instituto de Pastoral Andina
9 (RLIN) 12766
245 ## - MENCIÓN DE TÍTULO
Título Allpanchis Phuturinqa :
Resto del título Revista Anual /
260 ## - PUBLICACIÓN, DISTRIBUCIÓN, ETC.
Lugar de publicación, distribución, etc. Cusco :
Nombre de la editorial, distribuidor, etc. Instituto de Pastoral Andina,
Fecha de publicación, distribución, etc. 1983.
300 ## - DESCRIPCIÓN FÍSICA
Nº de Páginas Extensión 216 páginas. :
Otros detalles físicos mapas ;
Dimensiones 20 cm.
440 ## - MENCIÓN DE SERIE/PUNTO DE ACCESO ADICIONAL--TÍTULO
Título Revista del Instituto de Pastoral Andina Cusco
Número de la parte/sección de una obra Año XIII, 1983,N°21.Vol. XVIII.
9 (RLIN) 46235
505 ## - NOTA DE CONTENIDO CON FORMATO
Nota de contenido formateada Contenido: Circuitos comerciales y auge minero en la sierra central a fines de la época colonial. Magdalena Chocano. -- Los arrieros de la sierra central durante el siglo XIX. Nelson Manrique. -- De las rutas ferias y circuitos en Huamanga. Jaime Urrutia. -- Arrieros troperos y llameros en Huancavelica. Ricardo Valderrama. Carmen Escalante. -- Ciclos y booms en la agricultura de exportación latinoamericana el caso de la economía ganadera en el sur peruano, 1855-1920. Nils Jacobsen. -- Pastores del altiplano andino meridional religiosidad territorio y equilibrio ecológico. Merlino. -- Transformaciones de la sociedad campesina articulación y subdesarrollo en las haciendas algodoneras peruanas el valle de Pisco 1883-1925. -- Ejes regionales y actividad agropecuaria en el Perú. Walter Meléndez. -- Un libro o un autor a la deriva. Marie Danielle.<br/>
650 ## - PUNTO DE ACCESO ADICIONAL DE MATERIA--TÉRMINO DE MATERIA
Descriptor Arriería
9 (RLIN) 46236
650 ## - PUNTO DE ACCESO ADICIONAL DE MATERIA--TÉRMINO DE MATERIA
Descriptor Circuitos comerciales
9 (RLIN) 46237
650 ## - PUNTO DE ACCESO ADICIONAL DE MATERIA--TÉRMINO DE MATERIA
Descriptor Economía campesina
9 (RLIN) 2215
650 ## - PUNTO DE ACCESO ADICIONAL DE MATERIA--TÉRMINO DE MATERIA
Descriptor Ganadería
9 (RLIN) 321
700 ## - PUNTO DE ACCESO ADICIONAL--NOMBRE DE PERSONA
Nombre Personal Escalante Gutiérrez, Carmen
9 (RLIN) 11047
700 ## - PUNTO DE ACCESO ADICIONAL--NOMBRE DE PERSONA
Nombre Personal Valderrama Fernández, Ricardo
9 (RLIN) 7653
700 ## - PUNTO DE ACCESO ADICIONAL--NOMBRE DE PERSONA
Nombre Personal Manrique Gálvez, Nelson
9 (RLIN) 46238
700 ## - PUNTO DE ACCESO ADICIONAL--NOMBRE DE PERSONA
Nombre Personal Urrutia Ceruti, Jaime
9 (RLIN) 46239
700 ## - PUNTO DE ACCESO ADICIONAL--NOMBRE DE PERSONA
Nombre Personal Jacobsen, Nils
9 (RLIN) 44745
942 ## - ELEMENTOS DE PUNTO DE ACCESO ADICIONAL (KOHA)
Fuente de clasificación
Tipo de item Revistas cusqueñas
945 ## - PROCESAMIENTO DE INFORMACIÓN LOCAL (OCLC)
Catalogador rac
Holdings
Estado de retiro (separado) Fuente de clasificación o esquema de estanterías Estado dañado Ubicación Sala donde se ubica Nombre de la colección Fecha de adquisición o compra Costo, precio normal en soles Signatura topográfica Código de Barras Última vez visto (Koha) Tipo de ítem (Koha)
No     Sala Hemeroteca Sala Hemeroteca Book Cart 2021-08-18 10.00 Rev.Allp/N°21/1983 REVC000290 2021-08-18 Revistas cusqueñas
No     Sala Hemeroteca Sala Hemeroteca Book Cart 2021-08-18 10.00 Rev.Allp/N°21/1983/e.2 REVC000291 2021-08-18 Revistas cusqueñas

Powered by Koha